000 00558nam a2200193 i 4500
001 95633
003 ES-MaACL
005 20230906181738.0
007 t|
008 050601s1914 pr ||||1| spa d
080 _a821.134.2(729.5)-14"19"
100 1 _aLloréns Torres, Luis.
_972896
245 1 0 _aSonetos sinfónicos /
_cLuis Lloréns Torres.
260 _aSan Juan de Puerto Rico :
_b[s.n.],
_c1914.
490 1 _aBiblioteca americana ;
_vt. 1
830 0 _aBiblioteca americana ;
_vt. 1
_9184324
852 4 _a BA
_jT-1374-F-3
999 _c95633
_d95633